00885cam a2200253 a 450000100100000000500170001000800410002703500200006804000240008804200140011208200200012610000390014624500570018526000560024230000210029850000450031965000340036465000350039874000200043391000340045304900090048795201180049699900170061400001494620200929163929.0940301s1986 es 001 p spa d a(OCoLC)17899513 aDO-SdBNPcPPiUdDLC alccopycat aES861.44bC387p1 aCea, José Roberto,d1939-93383210aPocas y buenas :bantología /cJosé Roberto Cea. aSan Salvador, El Salvador :bCanoa Editores,c1986. a234 p. ;c17 cm. aTítulo de la cubierta: Pocas i buenas. 4aPoesía salvadoreña912306 4aLiteratura salvadoreña929290 aPocas i buenas. aCatalogación por copia / LC aBNGR 001050718MOaGRbGRcCTd2010-01-27iLF1l0oES861.44 C387pp14946-10r2020-06-25w2020-06-25y1ZNo se presta c14526d14526